000
00282nam a2200121Ia 4500
008
190216s9999||||xx |||||||||||||| ||und||
100
_a
Singh S K
245
0
_a
Public Finance In Theory And Practice
260
_b
S Chand & Co
300
_a
657
650
_a
Economics
942
_c
BK
999
_c
10851
_d
10851